Podnikateľský model startupu bakalárska práca

Guardado en:
Detalles Bibliográficos
Autor principal: Škutová, Martina
Autor Corporativo: Fakulta podnikového manažmentu EU. Katedra manažmentu
Otros Autores: Hagarová, Ráchel, 1990-
Formato: Libro
Lenguaje:eslovaco
Publicado: Bratislava 2017
Etiquetas: Agregar Etiqueta
Sin Etiquetas, Sea el primero en etiquetar este registro!

MARC

LEADER 00000nbm a2200000 4500
001 0232260
005 20171215125936.5
041 0 |a slo 
044 |a SK 
245 1 0 |a Podnikateľský model startupu  |b bakalárska práca  |c Martina Škutová ; školiteľ: Ráchel Hagarová 
264 1 |a Bratislava  |c 2017 
300 |a 49 s. 
100 1 |a Škutová, Martina 
700 1 |a Hagarová, Ráchel, 1990- 
710 2 |a Fakulta podnikového manažmentu EU. Katedra manažmentu